| 000 | 00998 a2200241 4500 | ||
|---|---|---|---|
| 999 |
_c8875 _d8875 |
||
| 020 | _aOCLC Work Id 793983585 | ||
| 050 | _aHC 59 UNE | ||
| 100 |
_aUNESCO : Intangible Cultural Heritage Section _eauthor |
||
| 110 | _aUNESCO | ||
| 245 | _aBasic texts of the 2003 convention for the safeguarding of the intangible cultural heritage | ||
| 250 | _a2012 edition | ||
| 264 |
_aParis : _bIntangible Cultural Heritage Section, Sector for Culture, _c2012 |
||
| 300 |
_avi, 106p. ; _b24cm |
||
| 500 | _aInternational government publication | ||
| 650 | _aNatural resources management | ||
| 650 | _aNatural resources study and teaching | ||
| 650 | _aNatural resources management areas | ||
| 650 | _aNatural resources co-management | ||
| 650 | _aConvention for the safeguarding of the intangible cultural heritage (2003) | ||
| 650 | _aCultural property protection (International law) | ||
| 710 | _aUNESCO Intangible cultural heritage section | ||
| 942 |
_2lcc _cPERIODICAL _e2012 edition _h59 _iUNE _kHC |
||